Normal view
MARC view
- Asim, Khalid Mahmood
Entry Personal Name
001 - CONTROL NUMBER
- control field: 17207
003 - CONTROL NUMBER IDENTIFIER
- control field: NUST
005 - DATE AND TIME OF LATEST TRANSACTION
- control field: 20190710050524.0
008 - FIXED-LENGTH DATA ELEMENTS
- fixed length control field: 190710|| aca||aabn | a|a d
040 ## - CATALOGING SOURCE
- Original cataloging agency: NUST
- Transcribing agency: NUST
100 ## - HEADING--PERSONAL NAME
- Personal name: Asim, Khalid Mahmood
670 ## - SOURCE DATA FOUND
- Source citation: Work cat.: (NUST): Asim, Khalid Mahmood, Pakistan Ka Namwar Science Daan /, 2000.
